[Event "Moscow Tal Memorial 2nd"]
[Site "Moscow"]
[Date "2007.11.10"]
[Round "1"]
[White "Kramnik, Vladimir"]
[Black "Carlsen, Magnus"]
[Result "1/2-1/2"]
[WhiteElo "2785"]
[BlackElo "2714"]
[Annotator "Marin,M"]
[PlyCount "79"]
[EventDate "2007.11.10"]
[EventType "tourn"]
[EventRounds "9"]
[EventCountry "RUS"]
[EventCategory "20"]
[SourceTitle "CBM 122"]
[Source "ChessBase"]
[SourceDate "2008.01.30"]
[SourceVersion "1"]
[SourceVersionDate "2008.01.30"]
[SourceQuality "1"]

1. Nf3 Nf6 2. c4 e6 3. g3 d5 4. d4 Be7 5. Bg2 O-O 6. O-O dxc4 7. Qc2 a6 8. Qxc4
b5 9. Qc2 Bb7 10. Bd2 Bd6 {The newest trend of fashion.} 11. Bg5 {Finally,
this move gets tested at the top level.} (11. Rd1 {was played in the recent
games Gelfand,B (2733)-Anand,V (2792)/Mexico City 2007/CBM 120/[Marin,M] (1/
2-1/2, 20) and Georgiev,K (2649)-Onischuk,A (2674)/Kemer 2007/CBM 121/[Marin,M]
(1-0, 71)}) 11... Nbd7 12. Nbd2 Rc8 {The most logical sequence of moves. Both
sides keep developing, concentrating their attention on the critical c5-square.
} 13. Nb3 (13. Bxf6 Nxf6 14. Nb3 Be4 (14... c5) 15. Qc3 Qe7 16. Rac1 Nd7 {
Bauer,C (2571)-Bologan,V (2652)/Belfort 2002/CBM 090 (0-1, 40)}) 13... c5 ({
Since White's intention is to capture on f6 at some moment anyway, it does not
make too much sense to play} 13... h6 {Hansen,C-Petersen,S/DEN-chT corr 1990/
Corr Nr. 1 (1-0, 24)}) 14. Bxf6 Nxf6 $1 {The only favourable way to capture
the bishop.} ({After} 14... Qxf6 $6 15. Ne5 $1 cxd4 16. Nxd7 $16 {a draw was
agreed in 1/2-1/2 Hoffmann,M (2440)-Braun,P (2215)/Bad Wiessee 1998/EXT 2001.
From White's point of view, this was at least premature.} Qd8 17. Nbc5 Bxg2 18.
Nxf8 Bxf1 19. Qxh7+ Kxf8 20. Nb7 Qd7 21. Nxd6 Rc6 22. Nxf7 Kxf7 23. Kxf1 $16) (
14... gxf6 $6 15. Ng5 fxg5 16. Bxb7 $16) 15. Nxc5 ({Given the final result and
that I have failed to find a significant improvement for White after this move,
} 15. dxc5 {deserves to be investigated. Black would win his pawn back with}
Ne4 {, but White would have a relatively wide choice of continuations, aiming
to simplify to a (hopefully) minimally better ending. Only further practice (a
Kramnik game?!) will shed some light. Here is just an illustrative attempt.}
16. Rad1 Nxc5 17. Nxc5 Bxf3 $1 (17... Rxc5 18. Qxc5 Bxc5 19. Rxd8 Rxd8 20. Ne5
$5 (20. Rc1 Be7 21. Ne5 Rc8 $1 $11) 20... Bxg2 21. Kxg2 $14 {[%cal Gf1c1,Ge5d3]
} Rd2 $2 22. Rc1 Bf8 23. Nd3 $1 {[%csl Gd2]} Rxe2 24. Kf3 Rd2 25. Ke3 $18) 18.
Bxf3 Rxc5 $11 {White's advantage is of a purely aesthetic nature. His bishop
looks more active than its rival, but there is no clear target available.})
15... Be4 16. Qc3 ({After} 16. Qb3 Bxc5 17. dxc5 Rxc5 18. Qe3 {, Black is in
time to neutralize White's plan to occupy the c-file with} Qc7 19. Rac1 Rc8 $11
) 16... e5 17. e3 (17. b4 {fails to maintain the extra pawn.} exd4 18. Qxd4 (
18. Nxd4 Bxg2 19. Kxg2 Bxc5 20. bxc5 Qd5+) 18... Bxc5 19. bxc5 Qxd4 20. Nxd4
Rxc5 $11) ({White does not get sufficient compensation for the queen after} 17.
Nxe5 Bxg2 18. Kxg2 Bxe5 19. dxe5 Ne4 20. Nxe4 Rxc3 21. Nxc3 b4 $15 {and the
knight has no good squares to retreat.}) 17... Bxc5 $1 $146 (17... Nd5 $6 {
allows White to maintain his minimal material advantage.} 18. Qa3 exd4 19. exd4
b4 20. Qxa6 Bxc5 21. dxc5 Rxc5 22. Rad1 $16 {Jostes,M-Hummeling,H/IECC email
1998/E-Mail 2000 (1/2-1/2, 80)}) 18. dxc5 Qd5 $44 {Judging from the high speed
of his play, Carlsen had analyzed all these moves at home. Untypically for him,
Kramnik was taking his time to answer. Black's pressure along the h1-a8
diagonal, combined with the weakness induced by e3 offers him excellent
compensation for the pawn.} 19. Rad1 Qa8 (19... Qxc5 $6 20. Qxe5 $1) (19... Qb7
{is slightly more natural, but has equal merit. After 27...Qc8 play would
transpose to the game continuation.}) 20. Nh4 Bxg2 21. Nxg2 Ne4 22. Qxe5 Rxc5
23. Qd4 Rc4 24. Qd3 (24. Qd5 Rc2 25. f3 Qxd5 26. Rxd5 Nd2 27. Ne1 Rxb2 28. Rf2
Rb1 $5 (28... Nc4 29. Rxb2 Nxb2 30. Nc2 {leads to a similar position as in the
aforementioned Georgiev,K (2649)-Onischuk,A (2674)/Kemer 2007/CBM 121/[Marin,M]
(1-0, 71). White's superior activity offer him chances for an advantage.}) 29.
Rfxd2 Rxe1+ 30. Kf2 Rh1 31. Kg2 Rc1 $11 {In the absence of pawns, the position
is just equal.}) 24... Ng5 25. b3 {Before attacking the knight to h4, White
needs to drive the enemy rook away from the fourth rank.} (25. h4 $2 Nf3+ 26.
Kh1 Qc8 27. Nf4 $2 (27. Qd7 Rc2) 27... Rxf4 $1) 25... Rc5 26. h4 Nf3+ 27. Kh1
Qc8 28. Nf4 (28. Qd7 Qxd7 29. Rxd7 Rc2 $44) 28... Qg4 29. Qd7 Rf5 {Black's
concentration of forces starts looking threatening. An interesting tactical
phase starts now.} 30. Rd5 Rxf4 31. exf4 f5 $1 32. Qe6+ $5 {Kramnik plays "to
the audience".} (32. Kg2 Nxh4+ 33. Kg1 $11 {would have led to an immediate
draw, without further complications.}) 32... Kh8 33. Qxf5 $1 Qxf5 34. Rxf5 Rxf5
35. Rd1 g5 $5 {Carlsen also loves beauty in chess.} ({The trivial} 35... h5 {
would have been entirely satisfactory as well, for instance} 36. Kg2 Nxh4+ 37.
gxh4 Rxf4 38. Rd6 $11) 36. hxg5 Nxg5 37. fxg5 Rxf2 38. a4 bxa4 39. bxa4 Ra2 40.
Rd4 1/2-1/2

[Event "Moscow Tal Memorial 2nd"]
[Site "Moscow"]
[Date "2007.11.12"]
[Round "3"]
[White "Kramnik, Vladimir"]
[Black "Leko, Peter"]
[Result "1-0"]
[WhiteElo "2785"]
[BlackElo "2755"]
[Annotator "Marin,M"]
[PlyCount "123"]
[EventDate "2007.11.10"]
[EventType "tourn"]
[EventRounds "9"]
[EventCountry "RUS"]
[EventCategory "20"]
[SourceTitle "CBM 122"]
[Source "ChessBase"]
[SourceDate "2008.01.30"]
[SourceVersion "1"]
[SourceVersionDate "2008.01.30"]
[SourceQuality "1"]

1. d4 Nf6 2. c4 e6 3. g3 d5 4. Bg2 Be7 5. Nf3 O-O 6. O-O dxc4 7. Qc2 a6 8. Qxc4
b5 9. Qc2 Bb7 10. Bd2 Ra7 {Leko deviates from his recent game against the same
opponent.} (10... Be4 11. Qc1 Qc8 {Kramnik,V (2769)-Leko,P (2751)/Mexico City
2007/CBM 120/[Marin,M] (1-0, 39)}) 11. Rc1 Be4 12. Qb3 Nc6 13. e3 Qa8 14. Qd1
b4 $5 {The latest trend in this line. Black started playing like this in 2007.
The main idea is to cause White some difficulties with the development of his
queenside. The obvious drawback of this move is that it weakens the light
squares, a detail that could become important in the long run.} (14... Nb8 15.
Ba5 {Kramnik,V (2766)-Anand,V (2779)/Wijk aan Zee 2007/CBM 117/[Marin] (1-0,
53)}) 15. Qf1 {This queen has certainly moved around a lot. It has retrieved
the c-pawn, provoked the weakening of the enemy queenside and now gets ready
to replace the Catalan bishop for the purpose of controlling the long diagonal
ishould the latter be exchanged.} ({Opening the queenside with} 15. a3 {
seems to play into Black's hands. Indeed, he has concentrated a considerable
amount of forces on that side of the board.} Rb8 16. Be1 a5 17. Nbd2 Bd5 18.
Bf1 bxa3 19. bxa3 a4 20. Nc4 Na5 21. Bxa5 Bxf3 22. Qe1 Nd7 23. Rab1 Rxb1 24.
Rxb1 Bxa3 25. Ra1 Bf8 26. Rxa4 Nb6 {1/2-1/2 Ponomariov,R (2717)-Anand,V (2786)/
Leon 2007/CBM 119}) ({The main alternative to the game move is} 15. Be1 {
. White intends to complete his queenside development as soon as possible. At
the same time, he relies on the fact that the queen will be activated via f3 
(instead of g2, as after the preliminary Qf1)} Bd5 16. Nbd2 Nb8 17. Nh4 Bxg2
18. Nxg2 c5 ({This is not necessarily better than} 18... Nbd7 {, but Black's
subsequent play was clearly more inspired.} 19. Qf3 Qxf3 20. Nxf3 c5 21. Nf4 a5
22. Nd3 Ne4 23. Rc2 Rc8 24. Rac1 Rac7 {Black has concentrated his forces
around the c5-square, but now the exchange of rooks is more or less inevitable,
leaving White with a good endgame position.} 25. dxc5 Ndxc5 26. Kf1 $14 {
Damljanovic,B (2606)-Efimenko,Z (2624)/Zlatibor 2007/CBM 120 ext (1-0, 63).
The weakness of Black's queenside soon started making itself felt.}) 19. dxc5
Rc8 20. Qf3 Rxc5 21. Qxa8 Rxa8 22. Nb3 Rxc1 23. Rxc1 Nbd7 24. Kf1 a5 25. f3 g5
26. g4 h5 27. h3 hxg4 28. hxg4 Bd6 29. Nd2 Be5 30. Nc4 Bc7 31. b3 {Black has
wisely maintained one rook on board, in order to generate some counterplay 
(possibly, along the a-file). White might stil be microscopically better, but
soon embarked a friendly repetition of moves in Suba,M (2537)-Vaganian,R (2590)
/Bazna 2007/CBM 118 ext (1/2-1/2, 35)}) 15... Bd5 {An overcautious move. Black
retreats with his bishop two moves before it can be attacked (with Nbd2).} (
15... Bd6 $6 {places the bishop on a vulnerable square.} 16. Be1 Rb8 17. Nbd2
Bd5 18. Ng5 $5 {A non-standard decision. In the Catalan, this move is typical
for the positions with the queen on c2, when White attacks the h7- and b7
squares simultaneously.} h6 19. Nh3 Ne7 $6 (19... Bxg2 20. Qxg2 Na5 21. Qxa8
Rbxa8 22. Nf4 Bxf4 23. gxf4 $14 {[%csl Gc5]}) 20. f3 $1 {Black loses stability
in the centre now.} Bc6 21. e4 $16 {Avrukh,B (2641)-Greenfeld,A (2559)/Beer
Sheva 2007/CBM 120 ext (1-0, 28)}) (15... Rd8 16. Be1 a5 17. a3 {Possibly not
the best. Again, Black is well prepared for the opening of the queenside.} (17.
Nbd2 {looks more natural.}) 17... Bd6 18. Nfd2 Bxg2 19. Qxg2 Ra6 20. Nc4 Nd5
21. Nbd2 bxa3 22. bxa3 Be7 23. Rab1 a4 24. Qf1 Nb8 25. Ne4 Nd7 26. Nc3 c5 27.
dxc5 Nxc3 28. Bxc3 Nxc5 $11 {Aronian,L (2750)-Anand,V (2792)/Mainz 2007/CBM
120 (0-1, 68)}) 16. Be1 Rc8 17. Nbd2 $146 {I am continuously surprised by the
frequency with which novelties tend to be simple developing moves.} ({
Previously,} 17. Nfd2 {had been played.} Na5 (17... Nb8 $5 {[%cal Gb8d7,Ga6a5]}
) 18. a3 $5 {A good moment to play this move, because ...a5 is impossible now.}
bxa3 19. Nxa3 Bxg2 20. Qxg2 c5 21. dxc5 Rxc5 22. Rxc5 Bxc5 23. Nac4 Nxc4 24.
Qxa8+ Rxa8 25. Nxc4 Nd5 26. Kf1 f5 {Berkes,F (2606)-Efimenko,Z (2624)/Hamburg
2007 (1/2-1/2, 50). White maintained a slight initiative until the end of the
game, but Black never got into real trouble.}) 17... Na5 {Controlling the
c4-square, but placing the knight in an uncomfortable position.} (17... Nb8 {
has the drawback of leaving the c8-rook undefended, which would place the
c-pawn under a pin in the event of an early ...c5. White would probably play
the same as in the game} 18. Ne5) 18. Ne5 c5 {Black has managed to carry out
this programmed move, but his queenside is vulnerable and his pieces far from
optimally coordinated.} 19. dxc5 Bxc5 (19... Rxc5 {would allow Black to
activate his other rook after} 20. Rxc5 Bxc5 21. Rc1) 20. Nd3 {Kramnik
continues regrouping, without letting himself be distracted by premature
tactical operations.} (20. e4 Nxe4 (20... Bb7 21. Qe2 $14) 21. Nxe4 Bxe4 22.
Bxe4 Qxe4 23. Nd3 Rac7 (23... Qd5 $2 24. Bxb4 Nb7 25. Bxc5 Nxc5 26. b4 $18) (
23... Nb7 24. Bxb4 $18) 24. Nxc5 Rxc5 25. Rxc5 Rxc5 26. Qxa6 h5 27. Qb6 Qd5 28.
Qxb4 Nc6 {[%cal Gc6d4,Gd4f3]} 29. Qb3 Qxb3 30. axb3 Rb5 $11) 20... Bf8 21. Bxd5
Nxd5 22. e4 $14 {White is better regrouped, has more space in the centre and
some clear targets on the enemy queenside.} Nb6 (22... Nf6 23. f3 Rac7 24. Bf2
$14) 23. Rxc8 Qxc8 24. Nf3 Qb7 {Possibly not best.} (24... Qc6 25. Nxb4 {
transposes to the game after} Qxe4) (24... Qc4 $5 25. Nxb4 Bxb4 26. Qxc4 Naxc4
27. Bxb4 Nxb2 {White's chances to prove the superiority of the bishop over the
knight are questionable because of the reduced number of pawns left on the
queenside.}) 25. Nxb4 $5 Qxe4 26. Qd3 $1 Qxd3 27. Nxd3 Nac4 28. b3 Nd6 29. Rc1
$14 {White's control over the c-file and his queenside majority offer him a
stable advantage. It is instructive to follow how Kramnik's pieces will
gradually invade all the available queenside squares.} Nd5 30. Rc6 Nf5 31. Ba5
Ra8 32. Nfe5 Nfe7 33. Rd6 Nf6 34. b4 Ned5 35. Rc6 Be7 36. a4 g6 37. Nc4 Kf8 38.
Nc5 Bxc5 39. bxc5 Ke8 $6 {The position retains middlegame characteristics,
which means that the king's centralisation should be done with care.} (39...
Ne7 $5 {would have offered chances to establish a reliable blockade on light
squares, for instance} 40. Rc7 Nfd5 41. Rb7 Nc6 $14) 40. f3 Ng8 (40... Ne7 41.
Rc7 Nfd5 42. Rb7 Nc6 43. Nd6+ Kf8 44. Rxf7+ Kg8 45. Bb6 Nxb6 46. cxb6 Rd8 47.
b7 Rxd6 48. Rc7 $16) (40... Kd7 41. Rb6 $1 $16) 41. Nb6 $16 {White's
domination is impressive now.} Nge7 42. Rd6 $1 ({Of course not} 42. Rxe6 $6
fxe6 43. Nxa8 Kd7 $44 {when, in the absence of rooks, the centralisation of
the black king compensates for the (temporarily) missing pawn.}) 42... Rb8 {
Black is forced to give up a pawn.} (42... Ra7 43. Nxd5 (43. c6 $22 {is also
possible. Black can only move with his pawns, but this will soon leave him
without moves.} Nf6 $6 44. Nc4 Ned5 45. Rd8+ Ke7 46. Nd6 $18 {and the rook is
trapped.}) 43... Nxd5 44. Rd8+ Ke7 45. Rb8 e5 (45... Kd7 46. Bb6 $1 $18 {
[%csl Ga7]}) 46. c6 Ke6 47. c7 $1 Nxc7 48. Bb6 Ra8 49. Bxc7 $18) 43. Nxd5 Nxd5
44. Rxa6 Rc8 {Generally speaking, Black should place his rook behind the enemy
pawns, although this does not guarantee equality.} (44... Rb1+ 45. Kg2 Rb2+ 46.
Kh3 Rc2 47. Bb6 h5 48. a5 Ne3 49. c6 Nf1 50. Bg1 Nd2 51. Kg2 Nc4+ 52. Kh1 $16)
45. Bb6 Nb4 46. Ra7 Nc6 47. Rb7 Ra8 48. Rc7 Nd4 49. a5 $1 {This pawn is much
more important than the f3-pawn.} Nxf3+ 50. Kf2 $6 {But now, there was no need
to give up the h2-pawn for the sake of just one tempo.} (50. Kg2 Ne5 51. c6 $16
) 50... Nxh2 51. c6 Ng4+ 52. Kf3 Nf6 53. Rb7 Nd5 54. Ke4 Nb4 $2 {Black misses
his chance to take advantage of his huge advantage in pawns on the kingside 
(as a consequence of the over-optimistic Kf2).} (54... Rc8 $5 55. c7 (55. a6
Nb4 56. a7 Nxc6 57. Rc7 Nxa7 $14 {Zagrebelny}) 55... Kd7 56. Kd4 h5 (56... Nxc7
57. Kc5 $18) (56... Kc6 57. Rb8 Kd7 58. Kc5 Nxc7 59. Rb7 $18) 57. Kc5 g5 58. a6
h4 59. gxh4 gxh4 60. a7 (60. Rb8 Nxc7 61. Bxc7 Rxc7+ 62. Kb6 Rc6+ 63. Kb5 Rc7
$11) 60... h3 61. Rb8 Nxc7 62. Bxc7 Rxc7+ 63. Kb6 Rxa7 64. Kxa7 Kc6 $11) 55. c7
Rc8 56. Kd4 Kd7 57. Kc5 Nc6 (57... Na6+ 58. Kb5 Nxc7+ 59. Kc5 $18 {[%cal Gb7d7,
Ga5a8]} Kd8 60. Kc6 {[%cal Gb6d8]}) 58. a6 h5 59. a7 f5 60. a8=Q $1 Rxa8 61.
c8=Q+ Kxc8 62. Kxc6 (62. Kxc6 Ra1 63. Rc7+ $1 (63. Rh7 {unnecessarily prolongs
things because of} Rc1+ 64. Bc5 Rd1) 63... Kb8 64. Rh7 Rc1+ 65. Bc5 $18) 1-0